[Event "POL-ch U16 Girls"]
[Site "Chotowa"]
[Date "2009.03.30"]
[Round "3"]
[White "Dubrawska, Greta"]
[Black "Dulat, Justyna"]
[Result "1-0"]
[WhiteElo "1678"]
[BlackElo "1600"]
[PlyCount "127"]
[EventDate "2009.03.28"]
[EventType "swiss"]
[EventRounds "11"]
[EventCountry "POL"]
[SourceTitle "EXT 2011"]
[Source "ChessBase"]
[SourceDate "2010.11.26"]
[SourceVersion "1"]
[SourceVersionDate "2010.11.26"]
[SourceQuality "1"]

1. d4 Nf6 2. c4 g6 3. Nc3 Bg7 4. Nf3 d6 5. Bg5 0-0 6. e3 Nbd7 7. Qc2 a6 8. Be2 h6 9. Bh4 Rb8 10. h3 e5 11. dxe5 Nxe5 12. Rd1 Nxf3+ 13. Bxf3 Bf5 14. e4 Re8 15. 0-0 Bd7 16. Rfe1 Qc8 17. Bg3 g5 18. Nd5 g4 19. hxg4 Bxg4 20. Bxg4 Qxg4 21. Nxc7 Rxe4 22. Rxe4 Qxe4 23. Qd3 Qxd3 24. Rxd3 Ne4 25. b3 Bf8 26. Bf4 Rd8 27. Nd5 Kh8 28. Ne3 Kh7 29. Nf5 Kg6 30. Ne3 Kh7 31. Nd5 Kg6 32. Re3 Ng5 33. Kf1 Kg7 34. Ke2 Kg6 35. Kd3 Ne6 36. Bg3 Bg7 37. Bh4 Re8 38. Bg3 Rd8 39. Kc2 Nd4+ 40. Kd3 Ne6 41. Ne7+ Kh7 42. Nd5 Kg6 43. Nf4+ Nxf4+ 44. Bxf4 Be5 45. Bxe5 dxe5+ 46. Ke2 f6 47. Rd3 Rb8 48. Rd6 b6 49. Ke3 Kf5 50. a3 a5 51. Rd5 Rc8 52. Kd3 Rc5 53. Rd6 b5 54. Rb6 bxc4+ 55. bxc4 h5 56. Rb5 Rxb5 57. cxb5 Ke6 58. a4 Kd5 59. Ke3 f5 60. g3 Kc5 61. Kf3 Kd5 62. Kg2 f4 63. gxf4 exf4 64. f3 1-0